Modelli di Auto Tesla - Statistics

Statistiche generali
  • Questo quiz è stato fatto 37 volte
  • Il punteggio medio è 4 su 6
Statistiche sulle risposte
Produzione Modello % Corretto
dal 2020 Model Y
94%
dal 2012 Model S
88%
dal 2015 Model X
88%
dal 2017 Model 3
78%
dal 2023 Cybertruck
56%
dal 2008 al 2012 Roadster
31%
Nessun quiz corrispondente trovato
Distribuzione punteggi
Percentuale di utenti per punteggio
Percentile per numero di risposta
I tuoi punteggi nel tempo
Non hai fatto questo quiz